000 00661nam a22001937a 4500
999 _c15111
_d15111
003 AR-CdUCM
008 190401b ||||| |||| 00| 0 spa d
040 _aMUNICIPALIDAD PROVINCIAL DEL CUSCO
_cBIBLIOTECA MUNICIPAL DEL CUSCO
082 _aPI / 372.460 /
_bO87
_23ed.
100 _aOtiniano Arciniega, Celestino
_934135
245 _aCampanita 3 :
_bApretamientos para las matemáticas /
260 _aLima :
_bEscuela nueva,
300 _a141 páginas ;
_bIlustraciones
_c28 cm.
650 _aAprende matemáticas
_934136
650 _aAprende a razonar
_934137
650 _aTexto para niños (as)
_934114
942 _2ddc
_cLIBROS
945 _awnts
_d2019-04-25